Top 20 Länder des ewigen Medaillenspiegel der Olympischen Sommerspiele - Statistiken

Allgemein
  • Dieses Quiz wurde 125 mal gespielt
  • Das Durchschnittsergebnis liegt bei 16 aus 20
Antwortstatistiken
Anzahl Medaillen Antwort % Korrekt
1384 Deutschland
100%
636 China
99%
751 Frankreich
99%
2646 Vereinigte Staaten
99%
497 Japan
97%
916 Großbritannien
96%
618 Italien
96%
431 Russland
94%
326 Kanada
90%
543 Australien
86%
322 Niederlande
83%
298 Polen
80%
288 Südkorea
79%
503 Schweden
78%
1010 Sowjetunion
66%
305 Finnland
51%
511 Ungarn
49%
308 Rumänien
46%
224 Bulgarien
35%
235 Kuba
28%
Keine übereinstimmenden Quizze gefunden
Verteilung der Resultate
Anzahl Personen mit jedem Resultat
Perzentil nach korrekt beantworteten Fragen
Ihre Resultats-Entwicklung
Sie haben dieses Quiz noch nicht gespielt